Normal view
MARC view
- الوحش، عاكف موسى محمود
Entry Personal Name
001 - CONTROL NUMBER
- control field: 50533
003 - CONTROL NUMBER IDENTIFIER
- control field: JO-AjAnu
005 - DATE AND TIME OF LATEST TRANSACTION
- control field: 20230606082323.0
008 - FIXED-LENGTH DATA ELEMENTS
- fixed length control field: 230606|| aca||aabn | a|a d
040 ## - CATALOGING SOURCE
- Original cataloging agency: JO-AjAnu
- Transcribing agency: JO-AjAnu
100 ## - HEADING--PERSONAL NAME
- Personal name: الوحش، عاكف موسى محمود
670 ## - SOURCE DATA FOUND
- Source citation: Work cat.: (JO-AjAnu)25834: الوحش، عاكف موسى محمود, author, مواقف الصحافة الأردنية إزاء التطبيع مع الكيان الصهيوني: دراسة تحليلية لجريدتي الدستور والرأي للمدة من 1993/9/13 ولغاية 1994/10/26